00238nam a2200085Ia 4500001000800000005001700008008004100025245006100066260002500127125065820251031150900.0251031s9999 xx 000 0 und d 0cORHAN VELİaD-4 ORHAN VELİ BÜTÜN HİKAYELERİ bİTHAKİ YAYINLARI